| 000 | 01255nam a2200313Ia 4500 | ||
|---|---|---|---|
| 001 | dia_2906 | ||
| 003 | CHAP | ||
| 005 | 20230516140852.0 | ||
| 008 | 220117s1969 xx 000 0 und d | ||
| 010 | _a173405 | ||
| 040 | _cCHAP | ||
| 082 | _a664.87248 R47 1969 | ||
| 245 |
_aReporte técnico de la investigación sobre comportamiento en refrigeración de cuatro variedades de manzana de Zacatlán, Puebla / _c coordinación Francisco Guillén S. ; colaboración Enrique Velarde G., Jorge Castillo M. y Félix Becerra I. |
||
| 260 |
_aMéxico : _b Escuela Nacional de Agricultura. Departamento de Industrias Agrícolas, _c1969 |
||
| 300 | _a4 v. | ||
| 590 | _aSB360 E87 1969 | ||
| 650 |
_aApples _xFood preservation _9153723 |
||
| 650 |
_aApples _xRefrigeration _9153724 |
||
| 650 |
_aManzanas _xPreservación de alimentos _9153725 |
||
| 650 |
_aManzanas _xRefrigeración _9153726 |
||
| 700 |
_aBecerra I., Félix, colab. _9153727 |
||
| 700 |
_aCastillo M., Jorge, colab. _9153728 |
||
| 700 |
_aGuillén S., Francisco, coord. _9153729 |
||
| 700 |
_aVelarde G., Enrique, colab. _9153730 |
||
| 901 | _a664.87248 R47 1969 | ||
| 902 | _aM | ||
| 905 | _a5232271969 mx nm 8223123322spa16 | ||
| 942 |
_cLIBRO _2ddc |
||
| 999 |
_c173405 _d173405 |
||